Match The Stadium To The NFL Team - Statistics

General Stats
  • This quiz has been taken 57 times
  • The average score is 22 of 30
Answer Stats
Hint Answer % Correct
Cleveland Browns Stadium Browns
97%
Lambeau Field Packers
97%
Arrowhead Stadium Chiefs
94%
Soldier Field Bears
90%
SoFi Stadium Chargers/Rams
90%
MetLife Stadium Giants/Jets
90%
Gillette Stadium Patriots
90%
Empower Field At Mile High Broncos
87%
Levi's Stadium 49ers
84%
Lucas Oil Stadium Colts
84%
AT&T Stadium Cowboys
84%
Hard Rock Stadium Dolphins
84%
Ford Field Lions
84%
Caesars Superdome Saints
81%
FedEx Field Commanders
71%
Lincoln Financial Stadium Eagles
71%
Lumen Field Seahawks
71%
Nissan Stadium Titans
71%
Raymond James Stadium Buccaneers
68%
Allegiant Stadium Raiders
68%
Highmark Stadium Bills
65%
State Farm Stadium Cardinals
65%
U.S. Bank Stadium Vikings
65%
NRG Stadium Texans
61%
Paycor Stadium Bengals
55%
Mercedes-Benz Stadium Falcons
55%
M&T Bank Stadium Ravens
55%
Acrisure Stadium Steelers
55%
EverBank Stadium Jaguars
52%
Bank Of America Stadium Panthers
52%
No matching quizzes found
Score Distribution
Percent of People with Each Score
Percentile by Number Answered
Your Score History
You have not taken this quiz